[Event "Nezhmetdinov Memorial rapid 38th"]
[Site "Kazan"]
[Date "2016.05.29"]
[Round "1"]
[White "Gazizov, Ravil"]
[Black "Fedorov, Alexei"]
[Result "0-1"]
[WhiteElo "2198"]
[BlackElo "2565"]
[PlyCount "67"]
[EventDate "2016.05.29"]
[EventType "swiss (rapid)"]
[EventRounds "9"]
[EventCountry "RUS"]
[SourceTitle "CBM 172 Extra"]
[Source "ChessBase"]
[SourceDate "2016.06.21"]
[SourceVersion "1"]
[SourceVersionDate "2016.06.21"]
[SourceQuality "1"]

1. d4 Nf6 2. c4 g6 3. Nc3 Bg7 4. e4 d6 5. Nf3 0-0 6. h3 e5 7. d5 a5 8. Be3 Nfd7 9. Be2 f5 10. exf5 gxf5 11. g4 f4 12. Bc1 Nc5 13. Nd2 Nba6 14. Nde4 Bd7 15. a3 a4 16. Bf3 Nb3 17. Rb1 Qh4 18. Qd3 Rae8 19. Kf1 Kh8 20. Bd2 Re7 21. Re1 Be8 22. Nb5 Nac5 23. Qc3 Bg6 24. Kg2 h5 25. Rh2 Bh6 26. Kh1 Rh7 27. g5 Bxg5 28. Nxg5 Qxg5 29. Rg1 Qf6 30. h4 Be4 31. Be1 Rg8 32. Rxg8+ Kxg8 33. Bxe4 Nxe4 34. Qf3 0-1

[Event "Nezhmetdinov Memorial rapid 36th"]
[Site "Kazan"]
[Date "2014.05.29"]
[Round "1"]
[White "Lintchevski, Daniil"]
[Black "Gazizov, Ravil"]
[Result "1-0"]
[WhiteElo "2546"]
[BlackElo "2198"]
[PlyCount "67"]
[EventDate "2014.05.29"]
[EventType "swiss (rapid)"]
[EventRounds "9"]
[EventCountry "RUS"]
[SourceTitle "CBM 160 Extra"]
[Source "ChessBase"]
[SourceDate "2014.07.01"]
[SourceVersion "1"]
[SourceVersionDate "2014.07.01"]
[SourceQuality "1"]

1. e4 c5 2. Nf3 e6 3. d4 cxd4 4. Nxd4 a6 5. Bd3 Bc5 6. Nb3 Be7 7. 0-0 d6 8. Qg4 g6 9. Qe2 Nc6 10. a4 b6 11. N1d2 Nf6 12. Nc4 Nd7 13. Bh6 Qc7 14. Bg7 Rg8 15. Bc3 Nce5 16. Ne3 Bb7 17. f4 Nxd3 18. cxd3 Nc5 19. Nd2 Rc8 20. Rfc1 Qb8 21. b4 Nd7 22. Qf2 Rxc3 23. Rxc3 Bf6 24. Rac1 Bxc3 25. Rxc3 Kf8 26. Qh4 h5 27. Nb3 a5 28. b5 d5 29. e5 d4 30. Nxd4 Nc5 31. Qf6 Qe8 32. Nc4 Qd7 33. Nd6 Rg7 34. Rxc5 1-0

[Event "Tatarstan-ch op"]
[Site "Kazan"]
[Date "2009.08.23"]
[Round "4"]
[White "Vafin, Ayrat"]
[Black "Gazizov, Ravil"]
[Result "1/2-1/2"]
[WhiteElo "2089"]
[BlackElo "2199"]
[PlyCount "69"]
[EventDate "2009.08.20"]
[EventType "swiss"]
[EventRounds "9"]
[EventCountry "RUS"]
[SourceTitle "EXT 2010"]
[Source "ChessBase"]
[SourceDate "2010.11.25"]
[SourceVersion "1"]
[SourceVersionDate "2010.11.25"]
[SourceQuality "1"]

1. c4 c6 2. Nf3 d5 3. b3 Nf6 4. Bb2 Bg4 5. g3 Nbd7 6. Bg2 e6 7. 0-0 Bd6 8. d3 0-0 9. Nbd2 Qe7 10. a3 a5 11. Qc2 e5 12. e4 dxe4 13. Nxe4 Nxe4 14. dxe4 Bxf3 15. Bxf3 Bc5 16. Rfd1 Rfd8 17. a4 Bb4 18. Kg2 g6 19. Bg4 Nc5 20. Rxd8+ Rxd8 21. Rd1 Rxd1 22. Bxd1 h5 23. Be2 f6 24. Qd1 Kg7 25. Bf3 Qc7 26. Kf1 b6 27. Kg1 Ne6 28. Kf1 Bc5 29. Kg2 Bd4 30. Ba3 Bc5 31. Bb2 Qe7 32. Qc1 h4 33. Bg4 hxg3 34. Bxe6 Qxe6 35. hxg3 1/2-1/2

[Event "Tatarstan-ch op"]
[Site "Kazan"]
[Date "2009.08.22"]
[Round "3"]
[White "Gazizov, Ravil"]
[Black "Yarullina, Alina"]
[Result "1-0"]
[WhiteElo "2199"]
[BlackElo "2022"]
[PlyCount "81"]
[EventDate "2009.08.20"]
[EventType "swiss"]
[EventRounds "9"]
[EventCountry "RUS"]
[SourceTitle "EXT 2010"]
[Source "ChessBase"]
[SourceDate "2010.11.25"]
[SourceVersion "1"]
[SourceVersionDate "2010.11.25"]
[SourceQuality "1"]

1. d4 Nf6 2. Nf3 d6 3. Nc3 Nbd7 4. e4 e5 5. Bc4 Be7 6. 0-0 0-0 7. Re1 c6 8. a4 b6 9. b3 a6 10. Bd3 Re8 11. Ne2 Qc7 12. Ng3 g6 13. Bb2 c5 14. dxe5 dxe5 15. Bc4 Bb7 16. Bxf7+ Kxf7 17. Qd3 h6 18. Rad1 Kg7 19. Nh4 c4 20. Ngf5+ Kh7 21. Qg3 g5 22. Nf3 Bf8 23. Nxg5+ Kh8 24. Nf7+ Kh7 25. Nh4 Bg7 26. Qg6+ Kg8 27. Nxh6+ Kh8 28. Nf7+ Kg8 29. Nf5 Nh5 30. Qxh5 Nf6 31. N5h6+ Bxh6 32. Nxh6+ Kh7 33. Qh4 Nxe4 34. Nf5+ Kg6 35. Qg4+ Kf6 36. Rxe4 Bxe4 37. Qxe4 Rad8 38. Rxd8 Rxd8 39. Ne3 c3 40. Bxc3 Qd7 41. Qxe5+ 1-0

[Event "Nezhmetdinov Memorial 31st"]
[Site "Kazan"]
[Date "2009.06.06"]
[Round "7"]
[White "Gazizov, Ravil"]
[Black "Tkachuk, Andrey"]
[Result "1/2-1/2"]
[WhiteElo "2202"]
[BlackElo "2125"]
[PlyCount "120"]
[EventDate "2009.05.31"]
[EventType "swiss"]
[EventRounds "9"]
[EventCountry "RUS"]
[SourceTitle "CBM 130 Extra"]
[Source "ChessBase"]
[SourceDate "2009.07.02"]
[SourceVersion "2"]
[SourceVersionDate "2009.07.15"]
[SourceQuality "1"]

1. e4 c6 2. d4 Na6 3. Nc3 Nc7 4. Bf4 g6 5. Nf3 Bg7 6. Be2 d6 7. h3 Nf6 8. 0-0 0-0 9. Re1 Nd7 10. Qd2 e5 11. Bh6 Qe7 12. Bxg7 Kxg7 13. Bf1 Nf6 14. Rad1 Nh5 15. g3 Qf6 16. Nh2 exd4 17. Qxd4 Qxd4 18. Rxd4 Rd8 19. Red1 Ne8 20. e5 Kf8 21. exd6 Be6 22. Bg2 Nhg7 23. g4 Rd7 24. Ne4 Rad8 25. c3 f5 26. Nc5 Rxd6 27. gxf5 Rxd4 28. cxd4 Bxa2 29. fxg6 hxg6 30. Nxb7 Rc8 31. Ng4 Bd5 32. Ne5 Bxg2 33. Kxg2 Nf5 34. Nxg6+ Kg7 35. Nf4 Rb8 36. Ne6+ Kf6 37. Nec5 Kg5 38. b3 Nf6 39. Na5 Rc8 40. Nc4 Nd5 41. Ra1 Nf4+ 42. Kf1 Nxd4 43. Rxa7 Nxh3 44. Rg7+ Kf6 45. Rd7 Nf5 46. Nd6 Nxd6 47. Rxd6+ Ke5 48. Rd2 Nf4 49. Nd3+ Nxd3 50. Rxd3 c5 51. Ke2 Ke4 52. Re3+ Kd4 53. f4 Rh8 54. Rd3+ Ke4 55. Rc3 Rh2+ 56. Kd1 Kxf4 57. Rxc5 Ke4 58. Kc1 Kd4 59. Rc8 Kd5 60. Kb1 Rg2 1/2-1/2

[Event "Nezhmetdinov Memorial 31st"]
[Site "Kazan"]
[Date "2009.06.03"]
[Round "4"]
[White "Balashov, Yuri S"]
[Black "Gazizov, Ravil"]
[Result "1-0"]
[WhiteElo "2401"]
[BlackElo "2202"]
[PlyCount "109"]
[EventDate "2009.05.31"]
[EventType "swiss"]
[EventRounds "9"]
[EventCountry "RUS"]
[SourceTitle "CBM 130 Extra"]
[Source "ChessBase"]
[SourceDate "2009.07.02"]
[SourceVersion "2"]
[SourceVersionDate "2009.07.15"]
[SourceQuality "1"]

1. e4 c5 2. Nf3 e6 3. d4 cxd4 4. Nxd4 Nc6 5. Nc3 Qc7 6. Be3 a6 7. Bd3 Nf6 8. 0-0 Ne5 9. h3 d6 10. Qe2 Bd7 11. f4 Nc6 12. Rae1 Be7 13. Qf2 0-0 14. Nf3 Nb4 15. Bb6 Nxd3 16. cxd3 Qb8 17. e5 dxe5 18. fxe5 Nd5 19. Nxd5 exd5 20. Bc5 Bxc5 21. Qxc5 Be6 22. Qe3 Qd8 23. Nd4 Rc8 24. Re2 Rc7 25. Ref2 Re8 26. Qf4 Qe7 27. Rf3 g6 28. Re3 Rec8 29. Kh2 Rc1 30. Ref3 Rxf1 31. Rxf1 Rc7 32. Rf2 Rc8 33. Qh6 Bd7 34. Nf3 f5 35. d4 Qf8 36. Qe3 Qe7 37. Qb3 Bc6 38. Rc2 Kg7 39. Qe3 Re8 40. a3 h6 41. h4 Qe6 42. Ng1 Qe7 43. Qg3 Kh7 44. Nh3 Rg8 45. Qf2 Qd7 46. Nf4 Qf7 47. Rc3 h5 48. Nh3 Qe7 49. Ng5+ Kg7 50. Qf4 Re8 51. e6 Qf6 52. b4 Qe7 53. Rc5 Rd8 54. Qe5+ Kg8 55. Nf7 1-0

[Event "Nezhmetdinov Memorial 30th"]
[Site "Kazan"]
[Date "2008.06.08"]
[Round "8"]
[White "Mirzanurov, Bulat"]
[Black "Gazizov, Ravil"]
[Result "1/2-1/2"]
[WhiteElo "2321"]
[BlackElo "2193"]
[PlyCount "88"]
[EventDate "2008.06.01"]
[EventType "swiss"]
[EventRounds "9"]
[EventCountry "RUS"]
[SourceTitle "EXT 2009"]
[Source "ChessBase"]
[SourceDate "2008.11.26"]
[SourceVersion "1"]
[SourceVersionDate "2008.11.26"]
[SourceQuality "1"]

1. d4 d5 2. c4 c6 3. Nf3 Nf6 4. Nc3 e6 5. Bg5 h6 6. Bxf6 Qxf6 7. e3 g6 8. Bd3 Nd7 9. 0-0 dxc4 10. Bxc4 Bg7 11. e4 e5 12. d5 0-0 13. dxc6 bxc6 14. Nd2 Nb6 15. Bb3 Ba6 16. Re1 Rfd8 17. Qc2 Bd3 18. Qc1 Bf8 19. Re3 Rd7 20. Bc2 Ba6 21. Nb3 Rad8 22. Qe1 Qe6 23. Rf3 Bb7 24. Qe3 Nc4 25. Qc1 Qd6 26. Bd3 Qb4 27. Bxc4 Qxc4 28. Na5 Qb4 29. Nxb7 Rxb7 30. b3 Rbd7 31. h4 h5 32. Qe1 Bc5 33. a3 Qb7 34. b4 Bd4 35. Rc1 Rd6 36. Qe2 Qe7 37. g3 Rf6 38. Kg2 Rxf3 39. Qxf3 Rd6 40. Qe2 Qb7 41. Na4 Qb5 42. Qc2 a5 43. Nc3 Bxc3 44. Qxc3 axb4 1/2-1/2

[Event "Nezhmetdinov Memorial 30th"]
[Site "Kazan"]
[Date "2008.06.07"]
[Round "7"]
[White "Gazizov, Ravil"]
[Black "Filipenko, Alexander V"]
[Result "1/2-1/2"]
[WhiteElo "2193"]
[BlackElo "2341"]
[PlyCount "144"]
[EventDate "2008.06.01"]
[EventType "swiss"]
[EventRounds "9"]
[EventCountry "RUS"]
[SourceTitle "EXT 2009"]
[Source "ChessBase"]
[SourceDate "2008.11.26"]
[SourceVersion "1"]
[SourceVersionDate "2008.11.26"]
[SourceQuality "1"]

1. e4 c5 2. Nf3 d6 3. Bb5+ Nc6 4. 0-0 Bd7 5. Re1 Nf6 6. c3 a6 7. Bf1 Bg4 8. d3 e6 9. Nbd2 d5 10. exd5 Nxd5 11. Qa4 Bf5 12. Ne4 Be7 13. h3 0-0 14. Bd2 Qc7 15. a3 b5 16. Qd1 Nb6 17. b4 cxb4 18. axb4 Rfd8 19. Qb3 Nd7 20. Be3 a5 21. bxa5 Rxa5 22. Rxa5 Qxa5 23. Ng3 Bg6 24. d4 Rb8 25. d5 Nd8 26. dxe6 Nxe6 27. Nd4 Ndc5 28. Qd5 Rd8 29. Nc6 Rxd5 30. Nxa5 Bf6 31. c4 bxc4 32. Nxc4 h5 33. Be2 Nd4 34. Bxd4 Rxd4 35. Ne3 h4 36. Ngf1 Rd8 37. Rc1 Ne6 38. Rd1 Nd4 39. Bc4 Rc8 40. Ba6 Rc6 41. Ng4 Be7 42. Bb7 Ne2+ 43. Kh1 Rc7 44. Bf3 Nf4 45. Nfe3 Bc5 46. Nd5 Nxd5 47. Bxd5 Kf8 48. Bf3 f6 49. Kg1 Ra7 50. Rc1 Bd4 51. Rd1 Ra4 52. Ne3 Ke7 53. Bc6 Ra1 54. Rxa1 Bxa1 55. Ba4 Ke6 56. Bc2 f5 57. Kf1 Bh7 58. Ke2 g6 59. Bd3 Ke5 60. Nc4+ Kd4 61. Nd2 Kd5 62. Bc4+ Kd6 63. Bd3 Bf6 64. Nc4+ Kc5 65. Ne3 Bg8 66. g4 hxg3 67. fxg3 Be6 68. h4 Bd4 69. h5 gxh5 70. Bxf5 Bf7 71. Kf3 Be5 72. Be4 Be8 1/2-1/2

[Event "Nezhmetdinov Memorial 30th"]
[Site "Kazan"]
[Date "2008.06.01"]
[Round "1"]
[White "Voitsekhovsky, Stanislav"]
[Black "Gazizov, Ravil"]
[Result "1-0"]
[WhiteElo "2511"]
[BlackElo "2193"]
[PlyCount "87"]
[EventDate "2008.06.01"]
[EventType "swiss"]
[EventRounds "9"]
[EventCountry "RUS"]
[SourceTitle "EXT 2009"]
[Source "ChessBase"]
[SourceDate "2008.11.26"]
[SourceVersion "1"]
[SourceVersionDate "2008.11.26"]
[SourceQuality "1"]

1. e4 c5 2. Nf3 Nc6 3. c3 d5 4. exd5 Qxd5 5. d4 Bg4 6. dxc5 Qxd1+ 7. Kxd1 e6 8. Be3 Nf6 9. Nbd2 Nd5 10. Nb3 Nxe3+ 11. fxe3 e5 12. e4 a5 13. a4 Be6 14. Nfd2 Be7 15. Bc4 Bg4+ 16. Kc2 0-0 17. Rhf1 Bh5 18. Rae1 Bg6 19. g4 Bd8 20. Nf3 Rc8 21. h4 h5 22. gxh5 Bxh5 23. Ng5 Bf6 24. Be2 Bg6 25. Bg4 Ra8 26. Nf3 Ne7 27. Nc1 Rfd8 28. Nd3 Nc6 29. h5 Bh7 30. Nd2 Re8 31. Nc4 Re7 32. Nb6 Rd8 33. Nd5 Bh4 34. Nxe7+ Nxe7 35. Re2 f6 36. Ne1 Bg5 37. Nf3 Bf4 38. Be6+ Kf8 39. Nh4 g5 40. hxg6 Nxg6 41. Nf5 Ke8 42. Rg2 Bg5 43. Rxg5 fxg5 44. Ng7+ 1-0

[Event "Tatarstan-ch op"]
[Site "Kazan"]
[Date "2007.08.28"]
[Round "9"]
[White "Gazizov, Ravil"]
[Black "Tokarev, Ilya"]
[Result "1/2-1/2"]
[WhiteElo "2234"]
[BlackElo "2180"]
[PlyCount "97"]
[EventDate "2007.08.20"]
[EventType "swiss"]
[EventRounds "9"]
[EventCountry "RUS"]
[SourceTitle "EXT 2009"]
[Source "ChessBase"]
[SourceDate "2008.11.26"]
[SourceVersion "1"]
[SourceVersionDate "2008.11.26"]
[SourceQuality "1"]

1. Nf3 d5 2. d4 Nf6 3. c4 dxc4 4. e3 g6 5. Bxc4 Bg7 6. Qb3 0-0 7. Ne5 e6 8. 0-0 c5 9. Rd1 cxd4 10. exd4 b6 11. Nc3 Ba6 12. Bg5 Bxc4 13. Qxc4 Qc8 14. Qb5 Qb7 15. Rac1 h6 16. Bh4 g5 17. Bg3 Na6 18. Qc6 Qe7 19. Qf3 Rac8 20. a3 Qe8 21. Qb7 Nc7 22. Qxa7 Ncd5 23. Nxd5 Nxd5 24. Qa6 f5 25. f3 Ne3 26. Rxc8 Qxc8 27. Qxc8 Rxc8 28. Re1 f4 29. Bf2 Bxe5 30. dxe5 Rc2 31. Bxe3 fxe3 32. Rxe3 Rxb2 33. Re4 Ra2 34. a4 Kf7 35. h4 Kg6 36. hxg5 hxg5 37. Kh2 Kf5 38. Kh3 b5 39. axb5 Rb2 40. g4+ Kg6 41. Kg3 Rxb5 42. Re3 Rb4 43. Rd3 Rb5 44. f4 gxf4+ 45. Kxf4 Rb4+ 46. Kf3 Kg5 47. Rd6 Rf4+ 48. Ke3 Rxg4 49. Rxe6 1/2-1/2

[Event "Tatarstan-ch op"]
[Site "Kazan"]
[Date "2007.08.23"]
[Round "4"]
[White "Sadykov, Ramil"]
[Black "Gazizov, Ravil"]
[Result "1/2-1/2"]
[WhiteElo "2130"]
[BlackElo "2234"]
[PlyCount "70"]
[EventDate "2007.08.20"]
[EventType "swiss"]
[EventRounds "9"]
[EventCountry "RUS"]
[SourceTitle "EXT 2009"]
[Source "ChessBase"]
[SourceDate "2008.11.26"]
[SourceVersion "1"]
[SourceVersionDate "2008.11.26"]
[SourceQuality "1"]

1. e4 c5 2. Nf3 Nc6 3. Bb5 d6 4. 0-0 Bd7 5. Re1 a6 6. Bf1 Bg4 7. c3 Bxf3 8. Qxf3 g6 9. d3 Bg7 10. Nd2 Nf6 11. Qh3 Qd7 12. g3 Qxh3 13. Bxh3 0-0 14. f4 Rfd8 15. Nf3 Nd7 16. Be3 b5 17. d4 e6 18. Bg2 Rac8 19. Bf1 cxd4 20. Nxd4 Nc5 21. Nxc6 Rxc6 22. Bxc5 dxc5 23. Red1 Rcd6 24. Be2 b4 25. e5 Rd2 26. Kf1 g5 27. cxb4 cxb4 28. fxg5 Bxe5 29. Ke1 R2d7 30. Rxd7 Rxd7 31. Bxa6 Bxb2 32. Rd1 Ra7 33. Bc4 Kg7 34. h4 Rc7 35. Bd3 Rc1 1/2-1/2

[Event "Nezhmetdinov Memorial 29th"]
[Site "Kazan"]
[Date "2007.06.05"]
[Round "5"]
[White "Gazizov, Ravil"]
[Black "Skomorokhin, Roman"]
[Result "0-1"]
[WhiteElo "2234"]
[BlackElo "2378"]
[PlyCount "66"]
[EventDate "2007.06.01"]
[EventType "swiss"]
[EventRounds "9"]
[EventCountry "RUS"]
[SourceTitle "CBM 119 Extra"]
[Source "ChessBase"]
[SourceDate "2007.09.04"]
[SourceVersion "1"]
[SourceVersionDate "2007.09.04"]
[SourceQuality "1"]

1. Nf3 d5 2. d4 c6 3. c4 e6 4. g3 dxc4 5. Bg2 b5 6. 0-0 Bb7 7. Nc3 Bb4 8. a4 a6 9. e4 Ne7 10. Be3 0-0 11. Qc2 Bxc3 12. bxc3 f6 13. Rfd1 Nd7 14. Bh3 f5 15. Ne5 Nf6 16. f3 Qe8 17. Bg2 Ng6 18. Nxg6 Qxg6 19. Bc1 fxe4 20. f4 c5 21. dxc5 Qh5 22. Ba3 Ng4 23. h3 Ne3 24. Qd2 Nxd1 25. g4 Qd5 26. Qxd1 Qxd1+ 27. Rxd1 Rad8 28. Rb1 Bc6 29. axb5 axb5 30. Re1 Rd3 31. Bb4 Rfd8 32. Ba5 Ra8 33. Bb4 Ra2 0-1

[Event "RUS-ch Seniors"]
[Site "Zvenigorod"]
[Date "2005.11.30"]
[Round "3"]
[White "Gazizov, Ravil"]
[Black "Elfert, Aleksandr V"]
[Result "1/2-1/2"]
[WhiteElo "2236"]
[BlackElo "2125"]
[PlyCount "78"]
[EventDate "2005.11.28"]
[EventType "swiss"]
[EventRounds "7"]
[EventCountry "RUS"]
[SourceTitle "EXT 2007"]
[Source "ChessBase"]
[SourceDate "2006.11.23"]
[SourceVersion "1"]
[SourceVersionDate "2006.11.23"]
[SourceQuality "1"]

1. e4 c5 2. Nf3 d6 3. Bb5+ Bd7 4. Bxd7+ Qxd7 5. c4 g6 6. Nc3 Bg7 7. d4 cxd4 8. Nxd4 Nc6 9. Nde2 Nf6 10. f3 0-0 11. 0-0 a6 12. a4 Na5 13. b3 b6 14. Rb1 Qb7 15. Bg5 h6 16. Be3 Rfe8 17. Qd2 Kh7 18. Kh1 Rad8 19. Nd5 Nxd5 20. Qxd5 Qxd5 21. cxd5 Rb8 22. Rfc1 b5 23. Bd2 Nb7 24. axb5 Nc5 25. bxa6 Rxb3 26. Bc3 Ra8 27. Bxg7 Rxb1 28. Rxb1 Kxg7 29. Ra1 Rxa6 30. Rxa6 Nxa6 31. Kg1 Kf6 32. Kf2 e6 33. dxe6 fxe6 34. Ke3 Nb4 35. Nd4 g5 36. g3 d5 37. exd5 Nxd5+ 38. Ke4 Nc3+ 39. Kd3 Nd5 1/2-1/2

[Event "RUS-ch Seniors"]
[Site "Tula"]
[Date "2004.05.15"]
[Round "6"]
[White "Kuzin, Eduard"]
[Black "Gazizov, Ravil"]
[Result "1-0"]
[WhiteElo "2148"]
[BlackElo "2290"]
[PlyCount "89"]
[EventDate "2004.05.??"]
[EventType "swiss"]
[EventRounds "9"]
[EventCountry "RUS"]
[SourceTitle "EXT 2005"]
[Source "ChessBase"]
[SourceDate "2004.11.15"]
[SourceVersion "1"]
[SourceVersionDate "2004.11.15"]
[SourceQuality "1"]

1. e4 c5 2. Nf3 Nc6 3. Bb5 g6 4. 0-0 Bg7 5. Bxc6 dxc6 6. h3 e5 7. d3 Qe7 8. Be3 Nf6 9. a4 0-0 10. a5 Rd8 11. Nbd2 h6 12. Qe2 Rb8 13. b4 Nd7 14. Nb3 cxb4 15. Bxa7 Ra8 16. Be3 c5 17. Nfd2 Ra6 18. Rfc1 f5 19. f3 f4 20. Bf2 Rc6 21. c3 Nb8 22. cxb4 cxb4 23. Bb6 Re8 24. Kh1 Rxc1+ 25. Rxc1 Nc6 26. a6 Be6 27. a7 Ra8 28. Qf2 Bf8 29. Nc4 Bxc4 30. dxc4 g5 31. Qd2 h5 32. Qd5+ Kh8 33. Qd1 Qg7 34. Ra1 g4 35. fxg4 hxg4 36. Qxg4 Qxg4 37. hxg4 Be7 38. Na5 Bd8 39. c5 Nxa5 40. Rxa5 Bh4 41. Bc7 Bg3 42. Bb8 Kg8 43. Rb5 Bf2 44. Rxb4 Bxc5 45. Rxb7 1-0

[Event "RUS-ch Seniors"]
[Site "Tula"]
[Date "2004.05.11"]
[Round "2"]
[White "Karasev, Vladimir I"]
[Black "Gazizov, Ravil"]
[Result "1-0"]
[WhiteElo "2412"]
[BlackElo "2290"]
[PlyCount "41"]
[EventDate "2004.05.??"]
[EventType "swiss"]
[EventRounds "9"]
[EventCountry "RUS"]
[SourceTitle "EXT 2005"]
[Source "ChessBase"]
[SourceDate "2004.11.15"]
[SourceVersion "1"]
[SourceVersionDate "2004.11.15"]
[SourceQuality "1"]

1. e4 e5 2. Nf3 Nc6 3. Nc3 g6 4. d4 exd4 5. Nd5 Bg7 6. Bg5 Nce7 7. Nxd4 c6 8. Nxe7 Nxe7 9. Qd2 h6 10. Bh4 g5 11. Bg3 d5 12. 0-0-0 Bg4 13. f3 Bh5 14. Qb4 Qb6 15. Qxb6 axb6 16. exd5 Nxd5 17. Bc4 0-0 18. Nf5 Bg6 19. Nxg7 Kxg7 20. Rhe1 Nb4 21. Bd6 1-0

[Event "RUS-ch Seniors"]
[Site "Tula"]
[Date "2004.05.10"]
[Round "1"]
[White "Gazizov, Ravil"]
[Black "Ajrapetian, Nikita"]
[Result "1-0"]
[WhiteElo "2290"]
[BlackElo "2064"]
[PlyCount "76"]
[EventDate "2004.05.??"]
[EventType "swiss"]
[EventRounds "9"]
[EventCountry "RUS"]
[SourceTitle "EXT 2005"]
[Source "ChessBase"]
[SourceDate "2004.11.15"]
[SourceVersion "1"]
[SourceVersionDate "2004.11.15"]
[SourceQuality "1"]

1. e4 c5 2. Nf3 d6 3. Bb5+ Bd7 4. Bxd7+ Qxd7 5. c4 Nc6 6. Nc3 g6 7. d4 cxd4 8. Nxd4 Bg7 9. Nde2 Nf6 10. 0-0 0-0 11. Rb1 Qe6 12. b3 Nxe4 13. Nxe4 Qxe4 14. Bb2 Rad8 15. Bxg7 Kxg7 16. Re1 Rfe8 17. Rb2 a6 18. Ng3 Qf4 19. Rd2 h5 20. h3 f5 21. Rd5 Qg5 22. Re6 Kf7 23. Re1 h4 24. Ne2 Qf6 25. Qd2 Kg7 26. Rd1 Ne5 27. Nf4 Nf7 28. Rd3 e6 29. Re1 Kf8 30. Qb4 g5 31. Ne2 Qe7 32. Nd4 Ne5 33. Rdd1 Kf7 34. Qd2 Qf6 35. Qe2 Nc6 36. Nc2 Kg6 37. Ne3 Re7 38. Qc2 d5 1-0

[Event "RUS-Cup04"]
[Site "Samara"]
[Date "2002.07.30"]
[Round "5"]
[White "Gazizov, Ravil"]
[Black "Iljin, Artem"]
[Result "0-1"]
[WhiteElo "2358"]
[BlackElo "2450"]
[PlyCount "108"]
[EventDate "2002.07.26"]
[EventType "swiss"]
[EventRounds "9"]
[EventCountry "RUS"]
[SourceTitle "CBM 089 Extra"]
[Source "ChessBase"]
[SourceDate "2002.09.10"]
[SourceVersion "2"]
[SourceVersionDate "2002.09.10"]
[SourceQuality "1"]

1. Nf3 Nf6 2. c4 e6 3. g3 b6 4. Bg2 Bb7 5. 0-0 Be7 6. Nc3 0-0 7. Re1 c5 8. e4 d6 9. d4 cxd4 10. Nxd4 Qc7 11. b3 a6 12. Bb2 Nbd7 13. Rc1 Rac8 14. h3 Rfe8 15. Kh2 h5 16. Kg1 Bf8 17. Re2 Qb8 18. Qe1 Ne5 19. Rd1 Qc7 20. Nf3 Ng6 21. h4 Ng4 22. Rdd2 Be7 23. Qd1 b5 24. cxb5 Qa5 25. Rc2 axb5 26. Nd4 b4 27. Na4 Nf6 28. Qe1 d5 29. e5 Ne4 30. f3 Nc5 31. Nxc5 Bxc5 32. a4 Qa7 33. Red2 f6 34. f4 fxe5 35. fxe5 Qb8 36. Rxc5 Rxc5 37. Re2 Ba6 38. Re3 Qb6 39. Kh2 Rec8 40. Qd1 Rc3 41. Bxc3 bxc3 42. Re1 Ne7 43. Bh3 Nf5 44. Nxf5 Qf2+ 45. Bg2 Qxf5 46. Qd4 c2 47. Rc1 Qd3 48. Qb6 Rc3 49. Qxe6+ Kh7 50. Qxd5 Qxg3+ 51. Kh1 Qxh4+ 52. Kg1 Re3 53. Qd2 Re2 54. Qc3 Qf2+ 0-1

[Event "RUS-Cup04"]
[Site "Samara"]
[Date "2002.07.29"]
[Round "4"]
[White "Khakimov, Timur"]
[Black "Gazizov, Ravil"]
[Result "0-1"]
[WhiteElo "2132"]
[BlackElo "2358"]
[PlyCount "66"]
[EventDate "2002.07.26"]
[EventType "swiss"]
[EventRounds "9"]
[EventCountry "RUS"]
[SourceTitle "CBM 089 Extra"]
[Source "ChessBase"]
[SourceDate "2002.09.10"]
[SourceVersion "2"]
[SourceVersionDate "2002.09.10"]
[SourceQuality "1"]

1. e4 c5 2. Nf3 Nc6 3. d4 cxd4 4. Nxd4 Qb6 5. Nb5 a6 6. Be3 Qd8 7. N5c3 e6 8. Be2 Nf6 9. 0-0 b5 10. Nd2 Bb7 11. f4 d6 12. Bf3 Qc7 13. Nb3 Be7 14. Qe2 0-0 15. Rad1 Rfe8 16. Qf2 Rac8 17. g4 b4 18. Na4 Nb8 19. e5 Bxf3 20. exd6 Bxd6 21. Qxf3 Nd5 22. Rd2 Nd7 23. Nd4 N7f6 24. Rdf2 Nxe3 25. Qxe3 Nxg4 26. Qe4 Nxf2 27. Rxf2 g6 28. h4 Bf8 29. Rg2 e5 30. fxe5 Rxe5 31. Qf3 Rce8 32. h5 Qd7 33. c3 Qxa4 0-1